000 00543nam a2200205Ia 4500
003 OSt
005 20250501120547.0
008 220927b |||||||| |||| 00| 0 eng d
020 _a9780007299652
040 _aSDCL
_cSDCL
_beng
041 _2eng
_aeng
084 _aO-,3 Q2 LR
100 _aChristie, Agatha
245 0 _aElephants can remember
260 _aLondon :
_bHarper,
_c1972.
300 _a299p.
650 _aReference
942 _cGB
_2CC
_n0
999 _c727370
_d727370